Country by Continent - Statistics

General Stats
  • This quiz has been taken 32 times
    27 since last reset
  • The average score is 18 of 20
Answer Stats
Country Continent % Correct
Mongolia Asia
100%
Vatican City Europe
100%
Sweden Europe
96%
Barbados North America
96%
Ecuador South America
96%
Lesotho Africa
88%
Djibouti Africa
88%
Benin Africa
88%
Georgia Asia
88%
Estonia Europe
88%
Jamaica North America
88%
El Salvador North America
88%
Brunei Asia
84%
Dominica North America
84%
Tonga Oceania
84%
Samoa Oceania
84%
Uruguay South America
84%
East Timor Asia
80%
Papua New Guinea Oceania
80%
New Zealand Oceania
80%
No matching quizzes found
Score Distribution
Percent of People with Each Score
Percentile by Number Answered
Your Score History
You have not taken this quiz since the last reset